000 00599nam a2200205Ii 4500
003 JO-AjNU
008 230606s9999||||xx |||||||||||||| ||und||
020 _a0-19-514140-7
040 _aJO-AjNU
_beng
_erda
_cJO-AjNU
041 _aeng
050 1 4 _aPS535.P66 2001
100 3 _aGutjhr, paul ,
_eauthor
_92583
245 0 0 _apopular American Literature of the 19 centry
264 3 1 _aNew york :oxforde university, 2001
300 _a1220p
336 _atext
_btxt
_2rdacontent
337 _aunmediated
_bn
_2rdamedia
338 _avolume
_bnc
_2rdacarrier
650 4 _aAmerican literature
_92584
999 _aE1351
_c1351
_d1351